| 000 | 00541nam a2200193 a 4500 | ||
|---|---|---|---|
| 003 | PILC | ||
| 005 | 20160222071919.0 | ||
| 008 | 080204s19uu xx 00 eng d | ||
| 020 | _a8189582046 | ||
| 050 |
_aG 155 _b.T196 2006 |
||
| 100 | _aTarun, Nikuj. | ||
| 245 |
_aTourism planning in 21st century / _cNikuj Tarun. |
||
| 260 |
_aNew Delhi : _bAlfa Publications, _c2006. |
||
| 300 |
_a275 pages ; _c23 cm. |
||
| 500 | _aIncludes bibliographical references and index. | ||
| 650 | _aTourism. | ||
| 942 |
_cBK _2lcc _kFOR |
||
| 999 |
_c22881 _d22881 |
||